000 00249nam a2200109Ia 4500
008 190216s9999||||xx |||||||||||||| ||und||
100 _aHarold Norcross
245 0 _aDynamic Business Management
260 _bNull
_c1963
300 _a150p
942 _cBK
999 _c4636
_d4636